000 00251nam a2200097Ia 4500
001 690438
005 20250826161816.0
008 250824s9999 xx 000 0 und d
245 0 _aYEŞİL
_cMURAT YILDIRIM CEMALETTİN EMEÇ
260 _bTİMAŞ YAYINLARI
999 _c690438
_d690438